000 01419cam a22003617i 4500
001 17718282
003 OSt
005 20230925110613.0
008 130430t20152015maua 001 0 eng
010 _a 2013009728
020 _a9789384323127
040 _aDLC
_beng
_cDLC
_erda
_dDLC
050 0 0 _aQA331.7
_b.Z55 2015
082 0 0 _a515.9
_bZIL/C
100 1 _aZill, Dennis G.,
_d1940-
_98631
240 1 0 _aFirst course in complex analysis with applications
245 1 0 _aComplex analysis :
_b /
_cDennis G. Zill, Loyola Marymount University, Patrick D. Shanahan, Loyola Marymount University.
250 _aThird edition.
264 1 _aBurlington, MA :
_bJones & Bartlett Learning,
_c[2015]
264 4 _c©2015
300 _a1 volume (various pagings) :
_billustrations ;
_c29 cm
336 _atext
_2rdacontent
337 _aunmediated
_2rdamedia
338 _avolume
_2rdacarrier
490 0 _aThe Jones & Barlett learning series in mathematics
500 _aRevision of: A first course in complex analysis with applications. -- 2nd ed. -- ©2009.
500 _aIncludes indexes.
650 0 _aFunctions of complex variables.
700 1 _aShanahan, Patrick D.,
_d1968-
906 _a7
_bcbc
_corignew
_d1
_eecip
_f20
_gy-gencatlg
942 _2ddc
_cBK
_h515.9
_iZIL/C
_k515.9
_mZIL/C
999 _c42299
_d42299